The cook's guide to Asian ingredients / (Record no. 5523)

MARC details
000 -LEADER
fixed length control field 00649nam a22002177a 4500
003 - CONTROL NUMBER IDENTIFIER
control field OSt
005 - DATE AND TIME OF LATEST TRANSACTION
control field 20251106011909.0
008 - FIXED-LENGTH DATA ELEMENTS--GENERAL INFORMATION
fixed length control field 251106b |||||||| |||| 00| 0 eng d
020 ## - INTERNATIONAL STANDARD BOOK NUMBER
International Standard Book Number 0-7548-0741-x
040 ## - CATALOGING SOURCE
Original cataloging agency DWCL-Admin lib
Transcribing agency OC
082 ## - DEWEY DECIMAL CLASSIFICATION NUMBER
Classification number Circ. 641.595 M875c 2000
100 ## - MAIN ENTRY--PERSONAL NAME
Personal name Morris, Sallie
245 ## - TITLE STATEMENT
Title The cook's guide to Asian ingredients /
Statement of responsibility, etc. Sallie Morris
260 ## - PUBLICATION, DISTRIBUTION, ETC.
Place of publication, distribution, etc. Canada :
Name of publisher, distributor, etc. Lorenz Books,
Date of publication, distribution, etc. c2000
300 ## - PHYSICAL DESCRIPTION
Extent 128 p. : ill. (chiefly col.) ;
Dimensions 22 cm.
504 ## - BIBLIOGRAPHY, ETC. NOTE
Bibliography, etc. note Includes index.
650 ## - SUBJECT ADDED ENTRY--TOPICAL TERM
Topical term or geographic name entry element 1. Cooking ingredients-Asians
650 ## - SUBJECT ADDED ENTRY--TOPICAL TERM
Topical term or geographic name entry element 2. Cooking, Asian
700 ## - ADDED ENTRY--PERSONAL NAME
Personal name Hsiung, Deh-Tah.
942 ## - ADDED ENTRY ELEMENTS (KOHA)
Source of classification or shelving scheme Dewey Decimal Classification
Koha item type Book Circulation
Call number prefix Circ.
Suppress in OPAC No
952 ## - LOCATION AND ITEM INFORMATION (KOHA)
--
Holdings
Withdrawn status Lost status Source of classification or shelving scheme Damaged status Not for loan Home library Current library Shelving location Date acquired Source of acquisition Cost, normal purchase price Total Checkouts Full call number Barcode Date last seen Copy number Price effective from Koha item type Uniform Resource Identifier
    Dewey Decimal Classification     HM & Nursing Library HM & Nursing Library Circulation 05/12/2011 School Fund 0.00   Circ. 641.595 M875c 2000 48351 11/06/2025 c1 11/06/2025 BK-CIRC